000 01245cam a22003254a 4500
005 20260322212100.0
008 data
010 _a 2005015982
020 _a0816053421 (acidfree paper)
020 _a9780816053421 (acid-free paper)
040 _aDLC
_cDLC
_dDLC
_dC#P
_dYDXCP
_dOCLCQ
_dDLC
042 _apcc
050 0 0 _aQ125
_b.R455 2006
082 0 0 _a502/.02
_222
092 _a502 Rez 2006
100 1 _aRezende, Lisa.
245 1 0 _aChronology of science /
_cLisa Rezende.
260 _aNew York, NY :
_bFacts on File,
_cc2006.
300 _ax, 502 p. :
_bill. ;
_c24 cm.
440 0 _aFacts on File science library
504 _aIncludes bibliographical references (p. 465-475) and index.
650 0 _aScience
_vChronology.
650 0 _aScience
_xHistory.
650 0 _aScientists
_vBiography.
856 4 1 _3Table of contents
_uhttp://www.loc.gov/catdir/toc/ecip0513/2005015982.html
906 _a7
_bcbc
_corignew
_d1
_eecip
_f20
_gy-gencatlg
925 0 _aacquire
_b1 shelf copy
_xpolicy default
955 _ejp18 2005-06-02 to Dewey
_fpv17 2006-11-07 Z-CipVer
001 data
999 _c1434
_d1434